La reestructuración del capitalismo en España, 1970-1990 / (Record no. 192688)
[ view plain ]
| 000 -LEADER | |
|---|---|
| campo de control de longitud fija | 01144nam a2200325 i 4500 |
| 001 - NÚMERO DE CONTROL | |
| campo de control | 192688 |
| 003 - IDENTIFICADOR DE NÚMERO DE CONTROL | |
| campo de control | SpMaBN |
| 005 - FECHA Y HORA DE LA ÚLTIMA TRANSACCIÓN | |
| campo de control | 20240228063041.0 |
| 008 - DATOS DE LONGITUD FIJA--INFORMACIÓN GENERAL | |
| campo de control de longitud fija | 230519s1991 sp | |||| ||spa d |
| 016 7# - NÚMERO DE CONTROL DE UNA AGENCIA BIBLIOGRÁFICA NACIONAL | |
| Número de control del registro | bimoBNE19930992875 |
| Número de control cancelado/no válido | CHM920017649 |
| Fuente | SpMaBN |
| 017 ## - NÚMERO DE COPYRIGHT O DE DEPÓSITO LEGAL | |
| Número de copyright o de depósito legal | B 26770-1991 |
| Agencia que asigna | Oficina Depósito Legal Barcelona |
| 020 ## - NÚMERO INTERNACIONAL ESTÁNDAR DEL LIBRO | |
| Número Internacional Estándar del Libro | 8474261741 |
| 035 ## - NÚMERO DE CONTROL DEL SISTEMA | |
| Número de control de sistema | (OCoLC)433802346 |
| 040 ## - FUENTE DE CATALOGACIÓN | |
| Centro catalogador/agencia de origen | SpMaBN |
| Lengua de catalogación | spa |
| Centro/agencia transcriptor | ES-MaACL |
| 080 ## - NÚMERO DE LA CLASIFICACIÓN DECIMAL UNIVERSAL | |
| Número de la Clasificación Decimal Universal | 330.342.14(460)"1970/1990" |
| 245 03 - MENCIÓN DEL TÍTULO | |
| Título | La reestructuración del capitalismo en España, 1970-1990 / |
| Mención de responsabilidad, etc. | Miren Etxezarreta (coord.) |
| 250 ## - MENCION DE EDICION | |
| Mención de edición | Primera edición: octubre 1991 |
| 264 #1 - PRODUCCIÓN, PUBLICACIÓN, DISTRIBUCIÓN, FABRICACIÓN Y COPYRIGHT | |
| Producción, publicación, distribución, fabricación y copyright | Barcelona : |
| Nombre del de productor, editor, distribuidor, fabricante | Icaria; |
| -- | Fuhem, |
| Fecha de producción, publicación, distribución, fabricación o copyright | 1991 |
| 300 ## - DESCRIPCIÓN FÍSICA | |
| Extensión | 768 páginas ; |
| Dimensiones | 21 cm |
| 490 1# - MENCIÓN DE SERIE | |
| Mención de serie | Economía crítica ; |
| Designación de volumen o secuencia | 2 |
| 500 ## - NOTA GENERAL | |
| Nota general | Índice |
| 504 ## - NOTA DE BIBLIOGRAFÍA, ETC. | |
| Nota de bibliografía, etc. | Referencias bibliográficas |
| 650 #4 - PUNTO DE ACCESO ADICIONAL DE MATERIA--TÉRMINO DE MATERIA | |
| Término de materia o nombre geográfico como elemento de entrada | Capitalismo- |
| Subdivisión geográfica | España |
| Fuente del encabezamiento o término | embne |
| 9 (RLIN) | 10763 |
| 700 1# - ENTRADA AGREGADA--NOMBRE PERSONAL | |
| Nombre de persona | Etxezarreta, Miren |
| Fechas asociadas al nombre | 1936- |
| 9 (RLIN) | 176561 |
| Término indicativo de función/relación | Editor literario |
| 830 ## - PUNTO DE ACCESO ADICIONAL DE SERIE-TÍTULO UNIFORME | |
| 9 (RLIN) | 176560 |
| Título uniforme | Economía crítica ; |
| Designación de volumen o secuencia | 2 |
| 852 ## - LOCALIZACIÓN | |
| Ubicación | Es-MaACL |
| Sublocalización o colección | R. 153233 |
| Ubicación en estantería | Depósito J |
| Donativo/Legado | Donación: Editorial |
| Número de control de estantería | N-8318 |
| itemnumber | 199984 |
| 942 ## - ELEMENTOS DE ENTRADA SECUNDARIOS (KOHA) | |
| Suprimir en OPAC | No |
| Tipo de ítem Koha | Libro impreso |
| Estatus retirado | Estado de pérdida | Fuente del sistema de clasificación o colocación | Estado de daño | No para préstamo | Biblioteca de origen | Biblioteca actual | Ubicación en estantería | Fecha de adquisición | Fuente de adquisición | Total de préstamos | Signatura topográfica completa | Código de barras | Visto por última vez | Tipo de ítem Koha |
|---|---|---|---|---|---|---|---|---|---|---|---|---|---|---|
| Clasificación decimal universal | Biblioteca del Ateneo de Madrid | Biblioteca del Ateneo de Madrid | Sala Pecera Depósito 2 | 29/11/2021 | Donación | N-8318 | 101205278 | 12/05/2023 | Libro impreso |
